Female Successors to Male Marvel Heroes (by picture) - Statistics

General Stats
  • This quiz has been taken 34 times
  • The average score is 13 of 16
Answer Stats
Picture Answer % Correct
Hawkeye (Kate Bishop)
100%
Captain Marvel (Carol Danvers)
97%
Daredevil (Elektra Natchios)
97%
Thor (Jane Foster)
97%
Wolverine (Laura Kinney)
97%
Black Panther (Shuri)
93%
Punisher (Lynn Michaels)
90%
White Tiger (Ava Ayala)
79%
Human Torch (Frankie Raye)
72%
Yellowjacket (Rita DeMara)
72%
Iron Patriot (Toni Ho)
69%
Star-lord (Kitty Pryde)
69%
Captain Britain (Betsy Braddock)
62%
Quasar (Avril Kincaid)
55%
Quasar (Phyla-Vell)
55%
Ronin (Maya Lopez)
55%
No matching quizzes found
Score Distribution
Percent of People with Each Score
Percentile by Number Answered
Your Score History
You have not taken this quiz